Loading...
| Current Events | 2 | 15.00 | 100% | 50% | 0% |
| Fine Arts - Classical Music | 9 | 16.67 | 100% | 56% | 11% |
| Fine Arts - Other | 12 | 10.00 | 75% | 25% | 0% |
| Fine Arts - Painting & Sculpture | 6 | 16.67 | 83% | 83% | 0% |
| Geography | 5 | 20.00 | 100% | 80% | 20% |
| History - American | 11 | 10.91 | 100% | 9% | 0% |
| History - European | 7 | 11.43 | 86% | 29% | 0% |
| History - Other | 10 | 16.00 | 100% | 60% | 0% |
| History - World | 10 | 10.00 | 80% | 20% | 0% |
| Literature - American | 4 | 12.50 | 75% | 50% | 0% |
| Literature - British | 7 | 12.86 | 100% | 29% | 0% |
| Literature - European | 7 | 8.57 | 71% | 14% | 0% |
| Literature - World | 9 | 12.22 | 89% | 33% | 0% |
| Mythology | 4 | 12.50 | 75% | 25% | 25% |
| Other Academic | 5 | 14.00 | 100% | 20% | 20% |
| Philosophy | 9 | 6.67 | 67% | 0% | 0% |
| Religion | 9 | 12.22 | 89% | 22% | 11% |
| Science - Biology | 5 | 6.00 | 40% | 20% | 0% |
| Science - Chemistry | 8 | 8.75 | 88% | 0% | 0% |
| Science - Other | 8 | 15.00 | 100% | 50% | 0% |
| Science - Physics | 10 | 14.00 | 100% | 40% | 0% |
| Social Science | 10 | 9.00 | 90% | 0% | 0% |